| 000 | 00687nam a22002297a 4500 | ||
|---|---|---|---|
| 003 | UA-OsUOA | ||
| 001 | 102442 | ||
| 007 | ta | ||
| 008 | 20130913b un ||||| |||| 00| 0 ukr d | ||
| 100 | _aЗимомря М. | ||
| 700 | _aЗимомря І. | ||
| 090 |
_a82 _bЗ-62 |
||
| 942 | _cSA | ||
| 040 |
_aUA-OsUOA _bukr _cUA-OsUOA _dUA-OsUOA |
||
| 245 | _aРецепція поетичної спадщини Тараса Шевченка в німецькомовному культурному просторі | ||
| 300 | _aС.8-16 | ||
| 955 | _a0 | ||
| 041 | _aukr | ||
| 080 | _a82 | ||
| 773 | 0 | _w102440 | |
| 650 | 7 |
_a82 Література. Літературознавство _2UDC |
|
| 999 |
_c388668 _d388668 |
||